000 00663nam a2200193Ia 4500
003 GCL
008 140319s9999 xx 000 0 ara d
040 _aGCL /
_cGCL
082 0 4 _a813.03
_bخ س
100 1 _aخيرى شلبى
245 1 0 _aالسنيورة, الاوباشى, الوتد, فرعان من الصبار, العروانى /
_cخيرى شلبى
260 _a[S.N] :
_bالهيئة المصرية العامة للكتاب ،
_c1993
300 _a811 ص
490 _aسلسلة الاعمال الكاملة
_v0
650 0 4 _aالادب العربى
650 0 4 _aالقصص العربية
650 0 4 _aالمجموعات
942 _2ddc
_cBK
999 _c30134
_d30134